Responses for Show #3484 - Thursday, October 28, 1999

Contestants

[<< previous game]

Jon Muir, a lawyer originally from Huntingdon, Pennsylvania

Patti Sturr, a collection agent from Tempe, Arizona

Janet Leach, a production control specialist from Greenland, New Hampshire (whose 1-day cash winnings total $15,000)

[next game >>]

Jeopardy! Round responses

HISTORIC AMERICA
MOVIE SERIES
NATURE
NOTORIOUS
(Alex: We'll give you the title, you have to name the war in...)
WAR STORIES
BEGINS & ENDS WITH "K"
    $100 2
Witchcraft

Janet
    $100 6
James Bond

Patti
    $100 26
Blood

Janet
    $100 17
Bonnie & Clyde

Jon
    $100 11
Civil War

Jon
    $100 1
Kayak

Jon
    $200 3
Walt Disney World

Jon
    $200 7
Nightmare on Elm Street

Janet
    $200 28
Shell

Janet
    $200 18
John Dillinger

Jon
    $200 12
World War II

Jon
    $200 22
The Knack

Janet
    $300 4
Harry S. Truman

Jon
    $300 8
Sir Basil Rathbone

Patti
    $300 29
Limes

Jon
    $300 19
George Wallace

Patti
    $300 13
World War I

Jon
    $300 23
Kirk

Patti
    $400 5
(Jon: What is the Ohio River?)

Mississippi River

PattiJon
    $400 9
Hopalong Cassidy

Patti
    $400 30
Pollen

Jon
    $400 20
Albert DeSalvo ("The Boston Strangler")

Jon
    $500 14
The Korean War

Jon
    $400 24
Kiosk

Janet
    $500 16
Yorktown

Jon
    $500 10
Judge

Triple Stumper
    $500 27
Glass snake

Triple Stumper
    $500 21
Carrie Nation

Patti
    $500 15
The Vietnam War

Jon
    $500 25
(and we have one minute to deal with "Animals"...)

Kopek

Patti

Scores at the first commercial break (after clue 14):

Janet Patti Jon
$300 $1,200 $1,300

Scores at the end of the Jeopardy! Round:

Janet Patti Jon
$1,200 $2,800 $3,700

Double Jeopardy! Round responses

SUFFRAGETTE CITY
LET'S DANCE
BLUE JEAN
MODERN LOVE
CHANGES
DAVID BOWIE
    $200 13
Susan B. Anthony

Jon
    $200 6
Tango

Janet
    $200 22
Bell bottoms

Jon
    $200 18
Macaulay Culkin

Janet
    $200 8
Conversion

Janet
    $200 1
Ziggy Stardust

Janet
    $400 14
Elizabeth Cady Stanton

Jon
    $400 7
Angels

Jon
    $400 23
Overalls

Jon
    $400 19
Desmond Tutu

Patti
    $400 9
Mutation

Janet
    $400 2
"Space Oddity"

Janet
    $600 15
19th Amendment

Janet
    $600 28
Railroad

Janet
    $600 24
501

Jon
    $400 20
Prince Edward

Patti
    $600 10
Shift

Triple Stumper
    $600 3
Mick Jagger

Patti
    $800 16
(P: Who is Henry David Thoreau?)

John Stuart Mill

Patti
Triple Stumper
    $800 29
(buzzer sounds)

The Gong Show

Janet
    $800 25
Sergio Valente

Jon
    $800 21
Matt Lauer

Jon
    $800 11
(Jon: What is a ...(time)?)

Reversal

Jon
Triple Stumper
    $800 4
John Lennon

Patti
    $1000 17
Victoria Woodhull

Triple Stumper
    $1,400 26
(Jon: What are RB's?)
(less than a minute to go...)

Wrangler

Jon
    $1000 27
Diane Ladd (her mother)

Triple Stumper
    $1000 12
Transubstantiation

Patti
    $1000 5
"The Elephant Man"

Janet

Scores at the end of the Double Jeopardy! Round:

Janet Patti Jon
$5,800 $5,200 $5,300

[wagering suggestions for these scores]

Final Jeopardy! Round responses

WORLD CAPITALS
(Alex: One of them's in Canada!)
PattiWhat is Athens?
$2,500
JonWhat is Trieste?
$5,000
JanetWhat is Tripoli?
$5,000
Tripoli, Libya

Final scores:

Janet Patti Jon
$10,800 $2,700 $300
2-day champion: $25,800 2nd place: Trip to Delta Chelsea Inn, Toronto, Canada 3rd place: Polaroid Photomax Digital Camera Creative Kit

Game dynamics:

Coryat scores:

Janet Patti Jon
$5,800 $5,400 $6,600
16 R,
0 W
13 R
(including 1 DD),
1 W
22 R
(including 1 DD),
3 W
(including 1 DD)

Combined Coryat: $17,800

[game clues] [game scores] [suggest correction]

Game tape date: 1999-08-04
The J! Archive is created by fans, for fans. Scraping, republication, monetization, and malicious use prohibited; this site may use cookies and collect identifying information. See terms. The Jeopardy! game show and all elements thereof, including but not limited to copyright and trademark thereto, are the property of Jeopardy Productions, Inc. and are protected under law. This website is not affiliated with, sponsored by, or operated by Jeopardy Productions, Inc. Join the discussion at JBoard.tv.